000 01123cam a22002531i 4500
003 SA-RiAUC
005 20250722072703.0
008 250722q19001999le g 00010 ara c
040 _aSA-JeALM
_bara
_cSA-RiAUC
_erda
072 7 _a020
082 0 4 _a214.7982
_qSA-RiAUC
090 _a214.7982
_bا ب ن ق
100 1 _aابن قيم الجوزية، محمد بن أبي بكر بن أيوب،
_d691-751 هجري
_eمؤلف.
245 1 2 _aالفروسية /
_cتأليف شمس الدين أبي عبد الله محمد بن أبي بكر بن أيوب الزرعي ؛ عرف الكتاب وترجم للمؤلف وصححه عزت العطار الحسيني.
264 1 _aبيروت :
_bدار الكتب العلمية،
_c[بين 1900 و1999]
300 _a136 صفحة ؛
_c26 سم
336 _aنص
_btxt
_2rdacontent
_3كتاب
337 _aبدون وسيط
_bn
_2rdamedia
338 _aمجلد
_bnc
_2rdacarrier
650 7 _aالإسلام والفروسية
_2aucsh
700 1 _aالحسيني، عزت العطار
_eمقدم.
942 _2ddc
_cBOOK
_n0
949 _aSA-JeALM
_d250722
_umohamedma123
_n1
999 _c10188
_d10188